书目信息 |
| 题名: |
原子与宇宙
|
|
| 作者: | ;杨冰 , 丁一 译 ;《科学新闻》杂志社(Science News) 编著 | |
| 分册: | ||
| 出版信息: | 北京 电子工业出版社 2016.07 |
|
| 页数: | 411页 | |
| 开本: | 24cm | |
| 丛书名: | 科学新探索 | |
| 单 册: | ||
| 中图分类: | O562-49 , P159-49 | |
| 科图分类: | ||
| 主题词: | 原子--普及读物 , 宇宙--普及读物 | |
| 电子资源: | ||
| ISBN: | 978-7-121-28888-3 | |
| 000 | 01038oam2 2200289 450 | |
| 001 | 50 | |
| 005 | 20180920165238.84 | |
| 010 | @a978-7-121-28888-3@dCNY88.00 | |
| 100 | @a20160923d2016 em y0chiy50 ea | |
| 101 | 0 | @achi |
| 102 | @aCN@b110000 | |
| 105 | @aa z 000yy | |
| 200 | 1 | @a原子与宇宙@9yuan zi yu yu zhou@f(美)《科学新闻》杂志社(Science News)编著@g杨冰, 丁一译 |
| 210 | @a北京@c电子工业出版社@d2016.07 | |
| 215 | @a411页@c彩图@d24cm | |
| 225 | 2 | @a科学新探索 |
| 330 | @a本书不仅介绍了人类探索广阔的宇宙空间的重要发现,而且拉近镜头关注细节,人类力求通过研究基本粒子和作用力来找出它们所揭示的物质及其存在的本质,并且已经获得了巨大的回报。 | |
| 461 | 0 | @12001 @a科学新探索 |
| 606 | 0 | @a原子@j普及读物 |
| 606 | 0 | @a宇宙@j普及读物 |
| 690 | @aO562-49@v5 | |
| 690 | @aP159-49@v5 | |
| 702 | 0 | @a杨冰@9yang bing@4译 |
| 702 | 0 | @a丁一@9ding yi@4译 |
| 711 | 02 | @c(美)@a《科学新闻》杂志社(Science News)@9《 ke xue xin wen 》 za zhi she (Science News)@4编著 |
| 801 | 0 | @aCN@b91MARC@c20160923 |
| 905 | @aMuseLib@dO562-49@e66 | |
| 原子与宇宙/(美)《科学新闻》杂志社(Science News)编著/杨冰, 丁一译.-北京:电子工业出版社,2016.07 |
| 411页:彩图;24cm.-(科学新探索) |
| ISBN 978-7-121-28888-3:CNY88.00 |
| 本书不仅介绍了人类探索广阔的宇宙空间的重要发现,而且拉近镜头关注细节,人类力求通过研究基本粒子和作用力来找出它们所揭示的物质及其存在的本质,并且已经获得了巨大的回报。 |
| ● |
| 相关链接 |
|
|
|
|
正题名:原子与宇宙
索取号:O562-49/66
 
预约/预借
| 序号 | 登录号 | 条形码 | 馆藏地/架位号 | 状态 | 备注 |
| 1 | 1117989 | 211179892 | 第二样本阅览室/ [索取号:O562-49/66] | 在馆 | |
| 2 | 1117990 | 211179909 | 密集书库-物理学院/ [索取号:O562-49/66] | 在馆 | |
| 3 | 1117991 | 211179918 | 第三借阅区/ [索取号:O562-49/66] | 在馆 | |
| 4 | 1117992 | 211179927 | 第三借阅区/ [索取号:O562-49/66] | 在馆 | |
| 5 | 1117993 | 211179936 | 第三借阅区/ [索取号:O562-49/66] | 在馆 |